Quizzes
Events
Quiz Creation
Community
Videos
Private Events
Remove Ads
Sign In
Join for FREE
Feedback
Dark Mode
Quiz Categories
Sports
Geography
Music
Movies
Television
Just For Fun
Miscellaneous
History
Literature
Language
Science
Gaming
Entertainment
Religion
Holiday
For Kids
Quiz Lab
Recent
Popular Today
Quiz Kudos Today
Editor Picks
Curator Picks
Quizzes by...
Day
Popularity
Type
Ratings
Length
Year
Community
Subscriptions
Recent Discussions
Orange Saloon
Badges
Playlists
Quests
Create
Leaderboards
Showdown
Live 5
Trivia Bingo
Activity
Puzzle Library
Sporcle Events
Private Events
Virtual Trivia
Globe League
Become a Host
Pub Owners
SporcleCon
Opinionation
Our Games
Videos
Blog
Mobile Apps
Partnerships
Remove Ads and Go Orange
Feedback
Movies
Disney
Marvel Cinematic Universe
Movie Resume
Movie Titles
Oscar
Actor
Actress
Director
Pixar
Role
Movie Quotes
Movie Characters
Box Office
Nominee
Best Picture
Star Wars
James Bond
Horror Movies
Movies
Disney
Marvel Cinematic Universe
Movie Resume
Movie Titles
Oscar
Actor
Actress
Director
Pixar
Role
Movie Quotes
Movie Characters
Box Office
Nominee
Best Picture
Star Wars
James Bond
Horror Movies
Random Quiz
Search Sporcle
×
Quiz Lab
Quiz Lab
Movies
Movie Titles
Type in answers that appear in a list
Type in answers that appear in a list
Classic
Best Score? Go Orange.
2011 Movie Anagrams Stats
Can you name the 2011 Movie Anagrams?
By
Sawbladekj77
20m
50 Questions
89 Plays
89 Plays
89 Plays
Comments
Comments
Give Quiz Kudos
Give Quiz Kudos
-
- Ratings
hide this ad
More Info
Random Order
Randomize order of answers
Randomize order of answers
Replay
Link that replays current quiz
Next Quiz
Link to next quiz in quiz playlist
You Got
0%
They Got
Avg Score
14%
Avg Friend Score
Upgrade to see
Score Distribution
Jump to the score distribution portion of the page
Score
0/50
Timer
20:00
0
Plays Today
Anagram
Movie
% Correct
Roth
Thor
58.4%
4 Creams
Scream 4
49.4%
8 Purse
Super 8
47.2%
Pula
Paul
46.1%
Vast Fife
Fast Five
40.4%
Fresh Smut
The Smurfs
27%
Groan
Rango
25.8%
Stripe
Priest
24.7%
A Disinflation Net 5
Final Destination 5
24.7%
Kentek
Tekken
23.6%
Teethe Hurts Meekers
The Three Musketeers
22.5%
Snort Farmers: Death From Nook
Transformers: Dark of the Moon
19.1%
It Three
The Rite
18%
A Fan 2 Dunk Pug
Kung Fu Panda 2
16.9%
Eel Alters
Real Steel
16.9%
18 LA Pool
Apollo 18
15.7%
A Ceramic Pinata: Fighter Veterans
Captain America: The First Avenger
14.6%
Yo Bellman
Moneyball
13.5%
Calf Stress Minx
X-Men First Class
12.4%
Howdy Tarantella Shepherd Try a Loth
Harry Potter and the Deathly Hallows Part 2
12.4%
Social & Newsboy
Cowboys & Aliens
11.2%
Lightweights At A: Windbreak Nag
The Twilight Saga: Breaking Dawn
10.1%
Open a Featheriest Fleshpot
Rise of the Planet of the Apes
10.1%
Rent Near Glen
Green Lantern
9%
Chuck Prunes
Sucker Punch
9%
Anagram
Movie
% Correct
Then General Rent
The Green Lantern
9%
Mom Trails
Immortals
9%
Giant Coon
Contagion
9%
Stun Cam
Sanctum
7.9%
Nun Wonk
Unknown
7.9%
Spout Bisons
Puss In Boots
7.9%
Boshes Boilers
Horrible Bosses
7.9%
By Steal
Beastly
6.7%
Rescued Coo
Source Code
6.7%
A Remote Moth
The Roommate
6.7%
Slime List
Limitless
5.6%
A Sunbather Jutted Emu
The Adjustment Bureau
5.6%
Jig With Touts
Just Go With It
5.6%
Breech Niftier Post A Baa: Snoring Dearest
Pirates of the Caribbean: On Stranger Tides
4.5%
A Banana Brine Torch
Conan the Barbarian
4.5%
Oh Ridded Groin
Red Riding Hood
4.5%
He Punch Gate
The Change Up
4.5%
A Nightstand Escort
No Strings Attached
3.4%
Enables Tollgate
Battle: Los Angeles
3.4%
Randy Giver
Drive Angry
3.4%
Beached Rat
Bad Teacher
3.4%
Midyear Hurt
The Rum Diary
3.4%
Overhang Tarp 2
Hanover Part 2
2.2%
Our Immune Barf
I Am Number Four
2.2%
Sneering Pump Props
Mr. Popper's Penguins
2.2%
Quiz Playlist
Details
Report
Send in Message
Add To Playlist
More Info:
Not all the movies that came out in 2011 are on here, just some of the ones that had decent anagrams.
Classic:
Type in answers that appear in a list
Random Order:
Randomize order of answers
Last Updated: Feb 16, 2017
Quiz Scoreboard
CHALLENGE
Sign Up to Join the Scoreboard
Show All
Scores
Hide
Comments
May contain spoilers
Recently Published
Street Fighter Characters
by Artimus82
Gaming
60s
9x9 Crossword: Cartoon Network
by jackfrog10
Miscellaneous
3m
College Basketball Coaching Resumes
by pancakes188
Sports
9m
More to Explore
Quiz From the Vault
Featured Blog Post
Where Did the Easter Bunny Come From?
hide this ad
You Might Also Like...
Tags
Actor Quiz
Movie Titles Quiz
2010
2011
anagrams
Movie Stars
Top-rated
Top-Selling
Today's Top Quizzes in Movies
Browse Movies
hide this ad
Today's Top Quizzes in Movie Titles
Browse Movie Titles
Top Contributed Quizzes in Movies
1
Pick 5 Posters: Directed by Spielberg
2
7-to-1: Pixar Characters
3
Pick 5 Posters: Lowest-Rated Spielberg
4
Hidden Star Wars Character II
5
Sorting Actors
6
Sorting Actresses
7
Pick 5 Posters: Directed by Scorsese
8
Hidden Star Wars Character III
9
Pick 5 Posters: Star & Director
10
Hidden Star Wars Character IV
Explore More
Trending Topics
NBA
Disney
Harry Potter
Marvel
Kpop
Anime
Crossword
Soccer
Song
The Office
Pokémon
Puzzle
WWE
NFL
Country
hide this ad
More By:
Sawbladekj77
Quiz
Plays
Rating
Category
Featured
Created
Band Names: Real or Fake
51,700
4.31
Music
Apr 11, 2012
Final Destination Deaths
3,355
5.00
Movies
Apr 18, 2012
WWE Word Scramble
2,952
4.14
Sports
Dec 19, 2010
Titanic Facts
2,339
3.75
History
Apr 16, 2012
Guess the Skillet Lyrics
1,806
2.86
Music
Mar 5, 2011
Go to Creator's Profile
Score Distribution
Quiz Creator Spotlight
Sawbladekj77
Follow
Send a Message
Quizzes Created
-
Created Quiz Play Count
-
More By This Creator
Popular Quizzes Today
1
Find the US States - No Outlines Minefield
2
Find the Countries of Europe - No Outlines Minefield
3
The Countries of the World
4
Find the US States
5
Risky Map Clicking: Biggest States A-Z
6
US States
7
Popular People in 1961
8
Movies - When Are They Set?
More Movies Quizzes
Ant-Man And The Wasp ~Characters
Quiz Lab
Trending Quizzes
Risky Map Clicking: Least Populous States A-Z
1-10 Letter G Words
Risky Map Clicking: Next State Alphabetically
Adjectives in 80s TV Shows
The Seven Year Switch: Catherine
Recently Updated
Leaping Animals
pecheneg
Reality TV Shows (A-Z)
bhenderson79
Rickey Henderson's Hall of Fame Teammates
pecheneg
Champions League XIs: Arsenal
pecheneg
Quick Pick: Celebrities in WWE's Hall of Fame
aduchscher
A-Z Keypad Blitz II
pecheneg
Multiple Oscar Actors
pecheneg
Mystery Phrase Blitz: Oscar 'Best Actors'
pecheneg
F. Scott Fitzgerald Novels
LTH
Pick 3 Villains
ddd62291
Trending Topics
Crossword
Marvel
Kpop
Anime
Disney
Harry Potter
NBA
NFL
WWE
Pokémon
Puzzle
The Office
Song
Soccer
Country
Your Account Isn't Verified!
In order to create a playlist on Sporcle, you need to verify the email address you used during registration. Go to your
Sporcle Settings
to finish the process.
Report this User
Report this user for behavior that violates our
Community Guidelines
.
Details:
Send Report
Go to the Sporcle.com Mobile Site →
Comments